01206nam a2200133 4500008000900000020001800009082001400027100002300041245010100064300003400165505075800199650009200957700002301049708 Ig8e a9786124092695 a708bIg8e aIguiñiz, Natalia aEnergías sociales / fuerzas vitalesbNatalia Iguiñiz: arte, activismo, feminismo (1994-2018) a199 p.bill (col)c24 x 20 cm tNatalia Iguiñiz en una genealogía de solidaridad y supervivencia Arte, activismo y feminismo desde la tierra de la misoginiarMiguel A. LópeztPrácticas artísticas y batallas por la memoria en el Perú: ·"Buscando a María Elena" de Natalia IguiñizrFiorella LópeztNatalia Iguiñiz, disidenterMargarita SaonatSi te dicen perra...tienen razón. Representación, identidad política y ciberfeminismo en "Perrahabl@"rMaría Teresa GarzóntAfichismo callejero / virtualidad popular. La experiencia de La perrerarNatalia Iguiñiz / Sandro VenturotPequeñas historia de maternidad 1rNatalia IguiñiztPequeñas historia de maternidad 2rNatalia IguiñiztEsta individual no es una individualrNatalia IguiñiztBiografía xarte contemporáneoxarte - exhibicionesxarte - feminismoxIguiñiz, NataliaxPerú aLópez, Miguel A.